000 00601nam a2200169 a 4500
001 BRCA_1272
005 20190320203344.0
008 181105s1985----sp-a---###---#000-0#spa-d
050 4 _aNK835
_b.J56 1985
100 1 _aJ. Morales, Alfredo
_94179
245 1 0 _aLa catedral de Sevilla
_bartes aplicadas e industriales en la catedral de Sevilla
_cAlfredo J. Morales.
260 _aSevilla
_bGuadalquivir S.L.
_c1985
300 _a1 v.
_bil. (algunas a color)
_c29 cm.
500 _aEs una separata
650 1 4 _aArtes decorativas
_xsimbolismo y religión
_zEspaña (Catedral de Sevilla)
_94180
942 _2lcc
_cB
999 _c1141
_d1141